[Event "BCF-chT 0001 (4NCL)"]
[Site "Birmingham"]
[Date "2001.03.18"]
[Round "8.7"]
[White "Hassabis, Demis"]
[Black "Thiruchelvam, Murugan"]
[Result "0-1"]
[WhiteElo "2237"]
[BlackElo "2168"]
[PlyCount "108"]
[EventDate "2000.09.??"]
[EventType "team"]
[EventRounds "11"]
[EventCountry "ENG"]
[SourceTitle "EXT 2002"]
[Source "ChessBase"]
[SourceDate "2001.11.25"]
[SourceVersion "1"]
[SourceVersionDate "2001.11.25"]
[SourceQuality "1"]
[WhiteTeam "IND II"]
[BlackTeam "RIC"]
[WhiteTeamCountry "ENG"]
[BlackTeamCountry "ENG"]

1. c4 e5 2. Nc3 Nc6 3. g3 f5 4. Bg2 Nf6 5. d3 g6 6. e3 Bg7 7. Nge2 0-0 8. 0-0 d6 9. Rb1 a5 10. a3 Ne7 11. f4 Rb8 12. h3 b6 13. e4 fxe4 14. dxe4 exf4 15. gxf4 Be6 16. b3 Qd7 17. Kh2 Nh5 18. Be3 Rf7 19. Nd5 Rbf8 20. Qe1 a4 21. b4 b5 22. c5 Bxd5 23. exd5 Nf5 24. Bf2 Re7 25. Qd2 Rfe8 26. Bf3 Ne3 27. Rfe1 Qf5 28. Bxe3 Rxe3 29. Bg4 Qd3 30. Qxd3 Rxd3 31. Bxh5 gxh5 32. Ng3 Rxe1 33. Rxe1 dxc5 34. Nxh5 Rxd5 35. Nxg7 Kxg7 36. Re7+ Kg6 37. Rxc7 cxb4 38. axb4 Rd4 39. Rc6+ Kf7 40. Rc7+ Ke6 41. f5+ Kf6 42. Rc6+ Kg5 43. f6 Kg6 44. Ra6 Rxb4 45. Kg3 Rb3+ 46. Kf4 Rxh3 47. Ke5 Re3+ 48. Kf4 Re1 49. Ra5 Rf1+ 50. Ke4 Rxf6 51. Rxb5 Ra6 52. Rb2 a3 53. Ra2 h5 54. Kf4 Ra4+ 0-1

[Event "BCF-chT 0001 (4NCL)"]
[Site "Birmingham"]
[Date "2001.03.17"]
[Round "7.7"]
[White "Barrett, Stephen J"]
[Black "Hassabis, Demis"]
[Result "0-1"]
[WhiteElo "2217"]
[BlackElo "2237"]
[PlyCount "88"]
[EventDate "2000.09.??"]
[EventType "team"]
[EventRounds "11"]
[EventCountry "ENG"]
[SourceTitle "EXT 2002"]
[Source "ChessBase"]
[SourceDate "2001.11.25"]
[SourceVersion "1"]
[SourceVersionDate "2001.11.25"]
[SourceQuality "1"]
[WhiteTeam "WR"]
[BlackTeam "IND II"]
[WhiteTeamCountry "ENG"]
[BlackTeamCountry "ENG"]

1. d4 d5 2. c4 e6 3. Nc3 c6 4. e4 dxe4 5. Nxe4 Bb4+ 6. Bd2 Qxd4 7. Bxb4 Qxe4+ 8. Be2 Nd7 9. Nf3 c5 10. Bc3 Ngf6 11. 0-0 0-0 12. Re1 Qc6 13. Bd3 b6 14. Qd2 h6 15. Rad1 Bb7 16. Qf4 e5 17. Qg3 Nh5 18. Qh4 Nf4 19. Be4 Qc7 20. Nxe5 Nxe5 21. Bxe5 Qxe5 22. Bh7+ Kxh7 23. Rxe5 Ng6 24. Qg3 Nxe5 25. Qxe5 Kg8 26. h3 Bc8 27. f4 Be6 28. b3 Rfe8 29. f5 Bxc4 30. Qg3 Bb5 31. a4 Bc6 32. Rd6 Bb7 33. Rxh6 Re2 34. Qc7 gxh6 35. Qxb7 Rd8 36. Qxa7 Rdd2 37. Qb8+ Kh7 38. Qxb6 Rxg2+ 39. Kf1 Rgf2+ 40. Ke1 Rfe2+ 41. Kf1 Rh2 42. Kg1 Rdg2+ 43. Kf1 Ra2 44. Kg1 Rhb2 0-1

[Event "BCF-chT2 9900 (4NCL)"]
[Site "Birmingham"]
[Date "2000.01.23"]
[Round "6.2"]
[White "Hassabis, Demis"]
[Black "Toothill, John A"]
[Result "1/2-1/2"]
[WhiteElo "2235"]
[BlackElo "2226"]
[PlyCount "27"]
[EventDate "1999.10.??"]
[EventType "team"]
[EventRounds "11"]
[EventCountry "ENG"]
[SourceTitle "EXT 2001"]
[Source "ChessBase"]
[SourceDate "2000.11.22"]
[SourceVersion "1"]
[SourceVersionDate "2000.11.22"]
[SourceQuality "1"]
[WhiteTeam "Invicta Knights Maidstone II"]
[BlackTeam "BCCA"]
[WhiteTeamCountry "ENG"]
[BlackTeamCountry "ENG"]

1. c4 e5 2. Nc3 Nf6 3. g3 Bb4 4. Qc2 0-0 5. Bg2 c6 6. a3 Bxc3 7. Qxc3 Re8 8. d3 h6 9. e4 d5 10. Ne2 Nbd7 11. 0-0 dxe4 12. dxe4 Nc5 13. Qc2 Qd3 14. Qxd3 1/2-1/2

[Event "BCF-chT2 9900 (4NCL)"]
[Site "Birmingham"]
[Date "2000.01.22"]
[Round "5.2"]
[White "Anderton, Matthew"]
[Black "Hassabis, Demis"]
[Result "0-1"]
[WhiteElo "2216"]
[BlackElo "2235"]
[PlyCount "43"]
[EventDate "1999.10.??"]
[EventType "team"]
[EventRounds "11"]
[EventCountry "ENG"]
[SourceTitle "EXT 2001"]
[Source "ChessBase"]
[SourceDate "2000.11.22"]
[SourceVersion "1"]
[SourceVersionDate "2000.11.22"]
[SourceQuality "1"]
[WhiteTeam "Guildford II"]
[BlackTeam "Invicta Knights Maidstone II"]
[WhiteTeamCountry "ENG"]
[BlackTeamCountry "ENG"]

1. e4 c5 2. c3 d5 3. exd5 Qxd5 4. d4 Nc6 5. Nf3 Bg4 6. Be2 cxd4 7. cxd4 e6 8. Nc3 Qa5 9. h3 Bh5 10. d5 exd5 11. Nd4 Bg6 12. Bb5 Nge7 13. 0-0 0-0-0 14. Nce2 Nxd4 15. Nxd4 Nf5 16. Bf4 Bd6 17. Nxf5 Bxf4 18. Qg4 Bc7 19. Nd4+ Kb8 20. Rac1 a6 21. Be2 Rhe8 22. Rfd1 0-1

[Event "BCF-chT 9900 (4NCL)"]
[Site "Birmingham"]
[Date "1999.10.10"]
[Round "2.3"]
[White "Lund, D Brett"]
[Black "Hassabis, Demis"]
[Result "1-0"]
[WhiteElo "2291"]
[BlackElo "2235"]
[PlyCount "117"]
[EventDate "1999.10.??"]
[EventType "team"]
[EventRounds "11"]
[EventCountry "ENG"]
[SourceTitle "EXT 2000"]
[Source "ChessBase"]
[SourceDate "1999.11.16"]
[SourceVersion "1"]
[SourceVersionDate "1999.11.16"]
[SourceQuality "1"]
[WhiteTeam "NW Eagles"]
[BlackTeam "HH"]
[WhiteTeamCountry "ENG"]
[BlackTeamCountry "ENG"]

1. g3 d5 2. f4 c5 3. Bg2 g6 4. Nf3 Bg7 5. 0-0 Nc6 6. d3 e6 7. e4 Nge7 8. c3 0-0 9. Qe2 b6 10. Na3 Ba6 11. e5 b5 12. Nc2 c4 13. d4 b4 14. cxb4 Qb6 15. Qd2 c3 16. bxc3 Bxf1 17. Bxf1 h5 18. a4 a6 19. Bd3 Rfc8 20. a5 Qb7 21. Qe2 Nb8 22. Bd2 Nd7 23. h3 Nf8 24. g4 hxg4 25. hxg4 f5 26. exf6 Bxf6 27. Kg2 Nc6 28. Rh1 Rc7 29. Na1 Rh7 30. Rxh7 Kxh7 31. Nb3 Nb8 32. Nc5 Qc8 33. f5 exf5 34. gxf5 Ra7 35. Qe3 Kg8 36. Qf4 Rg7 37. Kf2 g5 38. Qd6 Qd8 39. Qxd8 Bxd8 40. Nxa6 Nbd7 41. Nc5 g4 42. Ne5 Nf6 43. Ng6 Rh7 44. Kg2 Nxg6 45. fxg6 Rh3 46. a6 Bb6 47. Bf5 Nh5 48. Be6+ Kg7 49. Bxd5 Ba7 50. Ne6+ Kxg6 51. Ng5 Rh4 52. Nf7 Nf6 53. Ne5+ Kf5 54. Bb7 Ne4 55. Be1 Rh7 56. Nc6 Bb6 57. c4 Nd6 58. c5 Nxb7 59. cxb6 1-0

[Event "Lloyds Bank op 18th"]
[Site "London"]
[Date "1994.??.??"]
[Round "8"]
[White "Harman, Ronald FA"]
[Black "Hassabis, Demis"]
[Result "0-1"]
[WhiteElo "2080"]
[BlackElo "2260"]
[PlyCount "61"]
[EventDate "1994.08.??"]
[EventType "swiss"]
[EventRounds "10"]
[EventCountry "ENG"]
[SourceTitle "EXT 2000"]
[Source "ChessBase"]
[SourceDate "1999.11.16"]
[SourceVersion "1"]
[SourceVersionDate "1999.11.16"]
[SourceQuality "1"]

1. Nf3 e6 2. c4 d5 3. d4 c6 4. cxd5 exd5 5. e3 Bf5 6. Nc3 Nf6 7. Bd3 Bxd3 8. Qxd3 Bd6 9. 0-0 0-0 10. Re1 Nbd7 11. e4 dxe4 12. Nxe4 Nxe4 13. Rxe4 Nc5 14. dxc5 Bxh2+ 15. Kxh2 Qxd3 16. Rb4 b6 17. Be3 Rfe8 18. Rb3 Qd7 19. Rc1 bxc5 20. Bxc5 h6 21. Rbc3 Re2 22. R1c2 Rae8 23. Be3 Qd6+ 24. Kh3 Rxc2 25. Rxc2 Qg6 26. Rc5 Qe6+ 27. g4 Qxa2 28. Bd4 Qe6 29. Ne5 Rd8 30. Nxc6 Rd6 31. Re5 0-1

[Event "Lloyds Bank op 18th"]
[Site "London"]
[Date "1994.??.??"]
[Round "9"]
[White "Hassabis, Demis"]
[Black "Pert, Nicholas"]
[Result "1-0"]
[WhiteElo "2260"]
[BlackElo "2105"]
[PlyCount "124"]
[EventDate "1994.08.??"]
[EventType "swiss"]
[EventRounds "10"]
[EventCountry "ENG"]
[SourceTitle "EXT 2000"]
[Source "ChessBase"]
[SourceDate "1999.11.16"]
[SourceVersion "1"]
[SourceVersionDate "1999.11.16"]
[SourceQuality "1"]

1. d4 e6 2. Nf3 Nf6 3. g3 b6 4. Bg2 Bb7 5. 0-0 Be7 6. b3 0-0 7. Bb2 c5 8. e3 d5 9. Ne5 Nbd7 10. c4 Rc8 11. Nc3 cxd4 12. exd4 Ba6 13. Re1 Nb8 14. cxd5 exd5 15. Rc1 Re8 16. Ng4 Nbd7 17. Nxd5 Nxd5 18. Rxc8 Qxc8 19. Bxd5 Bb4 20. Rxe8+ Qxe8 21. Ne3 Nf6 22. Bg2 h6 23. a3 Bf8 24. Qc2 Bc8 25. h3 Nh7 26. Kh2 Ng5 27. h4 Ne6 28. Qc6 Qd8 29. Qd5 Qc7 30. Qc4 Qd8 31. b4 Nc7 32. d5 Ne8 33. Qd4 Nd6 34. Nc4 Nf5 35. Qe4 b5 36. Ne5 Nd6 37. Qd4 a6 38. Qc3 Qf6 39. Qf3 Qe7 40. Qc3 Qf6 41. Qf3 Qe7 42. Bd4 Nf5 43. Nc6 Qc7 44. Be5 Bd6 45. Bxd6 Qxd6 46. Qe4 Bd7 47. Ne5 Ne7 48. Nxd7 Qxd7 49. Qe5 f5 50. Qb8+ Kh7 51. d6 Nc8 52. Qc7 Qxd6 53. Qxc8 Qf6 54. Qc6 Qd4 55. Qf3 Qf6 56. Bh3 g6 57. h5 Qf7 58. hxg6+ Kxg6 59. Qc6+ Kg7 60. Qxa6 f4 61. Qxb5 fxg3+ 62. fxg3 h5 1-0

[Event "Lloyds Bank op 18th"]
[Site "London"]
[Date "1994.??.??"]
[Round "6"]
[White "Mortazavi, Ali"]
[Black "Hassabis, Demis"]
[Result "1-0"]
[WhiteElo "2390"]
[BlackElo "2260"]
[PlyCount "65"]
[EventDate "1994.08.??"]
[EventType "swiss"]
[EventRounds "10"]
[EventCountry "ENG"]
[SourceTitle "EXT 2000"]
[Source "ChessBase"]
[SourceDate "1999.11.16"]
[SourceVersion "1"]
[SourceVersionDate "1999.11.16"]
[SourceQuality "1"]

1. e4 c5 2. c3 d5 3. exd5 Qxd5 4. d4 Nc6 5. Nf3 Bg4 6. Be2 cxd4 7. cxd4 e6 8. 0-0 Nf6 9. Nc3 Qa5 10. h3 Bh5 11. a3 Be7 12. Be3 Nd5 13. b4 Qd8 14. Ne4 Bg6 15. Bd3 0-0 16. Rc1 Qb6 17. Nfd2 a6 18. Nc4 Qa7 19. Nc5 b6 20. Nb3 Bxd3 21. Qxd3 Rfd8 22. Qe4 Bf6 23. Ne5 Nce7 24. Nd2 Rac8 25. Ndf3 g6 26. Bg5 Bxg5 27. Nxg5 f6 28. Nxe6 fxe5 29. Qxe5 Kf7 30. Rxc8 Rxc8 31. Re1 Qb8 32. Ng5+ Ke8 33. Qxd5 1-0

[Event "Cannes op"]
[Site "Cannes"]
[Date "1992.??.??"]
[Round "?"]
[White "Letreguilly, Olivier"]
[Black "Hassabis, Demis"]
[Result "1-0"]
[WhiteElo "2295"]
[BlackElo "2290"]
[PlyCount "129"]
[EventDate "1992.02.??"]
[EventType "swiss"]
[EventRounds "9"]
[EventCountry "FRA"]
[SourceTitle "TD"]
[Source "ChessBase"]
[SourceDate "1994.03.01"]
[SourceVersion "1"]
[SourceVersionDate "1994.03.01"]
[SourceQuality "1"]

1. Nf3 c5 2. g3 Nc6 3. Bg2 e5 4. 0-0 Nf6 5. d3 Be7 6. e4 d6 7. c3 0-0 8. Nbd2 h6 9. Re1 Be6 10. Nf1 Re8 11. b3 Bf8 12. Bb2 Bd7 13. Rc1 Rc8 14. Rc2 b5 15. a3 a5 16. N1d2 b4 17. cxb4 cxb4 18. a4 Bg4 19. h3 Bh5 20. g4 Bg6 21. Qc1 Qd7 22. Nc4 Qb7 23. Nh4 Bh7 24. Qd2 Nd7 25. Ne3 Nc5 26. Qd1 Nd8 27. Nd5 Nde6 28. Nf5 Rcd8 29. Rce2 Nc7 30. Nfe3 Be7 31. d4 exd4 32. Qxd4 N7e6 33. Qd1 Bg5 34. Nf5 Qa6 35. Bf1 Qd3 36. Qa1 Nxb3 37. Qa2 Bxf5 38. gxf5 Nec5 39. Re3 Qd2 40. R1e2 Bxe3 41. Rxd2 Bxd2 42. f3 Bg5 43. Bb5 Rf8 44. Kg2 h5 45. Kg3 Kh7 46. h4 Bh6 47. Kh3 Nd2 48. Be2 Nd7 49. Bc1 Rc8 50. Bxd2 b3 51. Qxb3 Bxd2 52. f4 Nf6 53. Qd3 Nxd5 54. Qxd2 Nc3 55. Bd3 Rfe8 56. Qg2 Nxa4 57. Bb5 Nc5 58. Bxe8 Rxe8 59. e5 a4 60. e6 Re7 61. Qg5 Rb7 62. e7 Rb3+ 63. Kg2 Re3 64. f6 g6 65. f5 1-0

[Event "Cannes op"]
[Site "Cannes"]
[Date "1992.??.??"]
[Round "?"]
[White "Prie, Eric"]
[Black "Hassabis, Demis"]
[Result "1-0"]
[WhiteElo "2440"]
[BlackElo "2290"]
[PlyCount "121"]
[EventDate "1992.02.??"]
[EventType "swiss"]
[EventRounds "9"]
[EventCountry "FRA"]
[SourceTitle "TD"]
[Source "ChessBase"]
[SourceDate "1994.03.01"]
[SourceVersion "1"]
[SourceVersionDate "1994.03.01"]
[SourceQuality "1"]

1. e4 c5 2. Nf3 Nc6 3. d4 cxd4 4. Nxd4 e5 5. Nb5 d6 6. N1c3 a6 7. Na3 b5 8. Nd5 Nge7 9. c4 Nd4 10. Be3 Nxd5 11. cxd5 Be7 12. Bd3 0-0 13. 0-0 f5 14. Bxd4 exd4 15. exf5 Bxf5 16. Bxf5 Rxf5 17. Qxd4 Bf6 18. Qd2 Be5 19. Rad1 Qf6 20. b3 Bf4 21. Qe2 Re5 22. Qd3 Rae8 23. Nc2 Rh5 24. g3 Rh3 25. Qf3 Be5 26. Qxf6 Bxf6 27. Rfe1 Rxe1+ 28. Nxe1 Rh5 29. Nf3 Rf5 30. Kg2 Kf7 31. h4 h5 32. Rd3 Ke8 33. Nd2 Kd7 34. f4 g6 35. Nf1 Bg7 36. Ne3 Rf8 37. Kf3 Bf6 38. Rd2 Re8 39. Ke2 Bc3 40. Rd1 Bb4 41. Kd3 Bc5 42. Re1 Rf8 43. Re2 Rf7 44. Nc2 Rf5 45. Ke4 Rf8 46. Nd4 Rf7 47. Ne6 Bb6 48. Rc2 Rf6 49. Rc1 Ba5 50. Nd4 Rf8 51. Rc6 Be1 52. Ne6 Rc8 53. Rxc8 Kxc8 54. Nf8 Bxg3 55. Nxg6 Kd8 56. Kf5 Kd7 57. Kf6 Bf2 58. f5 Be3 59. Kf7 Bf2 60. f6 Be1 61. Nf8+ 1-0

[Event "Oberwart op"]
[Site "Oberwart"]
[Date "1991.??.??"]
[Round "?"]
[White "Moiseev, Viktor"]
[Black "Hassabis, Demis"]
[Result "1-0"]
[WhiteElo "2480"]
[BlackElo "2285"]
[PlyCount "53"]
[EventDate "1991.07.??"]
[EventType "swiss"]
[EventRounds "9"]
[EventCountry "AUT"]
[SourceTitle "TD"]
[Source "ChessBase"]
[SourceDate "1994.03.01"]
[SourceVersion "1"]
[SourceVersionDate "1994.03.01"]
[SourceQuality "1"]

1. e4 d6 2. d4 Nf6 3. Nc3 c6 4. f4 Qa5 5. Bd3 e5 6. Nf3 exd4 7. Nxd4 Be7 8. 0-0 0-0 9. Kh1 Re8 10. Qe1 Bf8 11. Bd2 Qc7 12. Qh4 Nbd7 13. Nf3 Nc5 14. Rae1 Nxd3 15. cxd3 h6 16. f5 Qd8 17. g4 Nh7 18. g5 Be7 19. f6 gxf6 20. gxh6 Kh8 21. Rg1 f5 22. Qh5 Rf8 23. Rg7 fxe4 24. Nxe4 Be6 25. Bc3 Nf6 26. Qg5 Bg4 27. Rh7+ 1-0

[Event "BCF-ch 77th"]
[Site "Eastbourne"]
[Date "1990.??.??"]
[Round "?"]
[White "Hassabis, Demis"]
[Black "Clarke, Thomas M"]
[Result "1-0"]
[WhiteElo "2300"]
[BlackElo "2215"]
[PlyCount "56"]
[EventDate "1990.07.??"]
[EventType "swiss"]
[EventRounds "11"]
[EventCountry "ENG"]
[SourceTitle "EXT 2000"]
[Source "ChessBase"]
[SourceDate "1999.11.16"]
[SourceVersion "1"]
[SourceVersionDate "1999.11.16"]
[SourceQuality "1"]

1. e4 e6 2. d4 d5 3. Nc3 Bb4 4. a3 Bxc3+ 5. bxc3 dxe4 6. Qg4 Nf6 7. Qxg7 Rg8 8. Qh6 Nbd7 9. Bg5 Qe7 10. Ne2 Ng4 11. Bxe7 Nxh6 12. Bh4 Nf5 13. Bg3 c5 14. Bf4 b6 15. Ng3 Bb7 16. 0-0-0 cxd4 17. cxd4 Nh4 18. Rg1 Rc8 19. Bb5 Ke7 20. d5 Bxd5 21. Nxe4 Bxe4 22. Rxd7+ Kf6 23. c4 Rxg2 24. Rxg2 Nxg2 25. Bg3 Bc6 26. Rc7 Rxc7 27. Bxc7 Bb7 28. Kd2 Nh4 1-0

[Event "Lloyds Bank op 14th"]
[Site "London"]
[Date "1990.??.??"]
[Round "?"]
[White "Hassabis, Demis"]
[Black "Janjgava, Lasha"]
[Result "1/2-1/2"]
[WhiteElo "2300"]
[BlackElo "2455"]
[PlyCount "51"]
[EventDate "1990.08.??"]
[EventType "swiss"]
[EventRounds "10"]
[EventCountry "ENG"]
[SourceTitle "EXT 1997"]
[Source "ChessBase"]
[SourceDate "1996.11.15"]
[SourceVersion "1"]
[SourceVersionDate "1996.11.15"]
[SourceQuality "1"]

1. e4 c5 2. Nf3 d6 3. d4 cxd4 4. Nxd4 Nf6 5. Nc3 Nc6 6. Be2 e5 7. Nf3 h6 8. 0-0 Be7 9. Re1 0-0 10. h3 Be6 11. Bf1 Nb8 12. a4 Nbd7 13. a5 a6 14. Nd5 Nxd5 15. exd5 Bf5 16. b4 b5 17. axb6 Qxb6 18. c3 a5 19. Be3 Qc7 20. Qa4 Be4 21. Bb5 Bxf3 22. gxf3 Nb6 23. Bxb6 Qxb6 24. bxa5 Qc5 25. Qc4 Qa7 26. a6 1/2-1/2

[Event "Reykjavik op"]
[Site "Reykjavik"]
[Date "1990.??.??"]
[Round "5"]
[White "Hassabis, Demis"]
[Black "Karason, Askell Orn"]
[Result "0-1"]
[WhiteElo "2300"]
[BlackElo "2250"]
[PlyCount "84"]
[EventDate "1990.03.??"]
[EventType "swiss"]
[EventRounds "11"]
[EventCountry "ISL"]
[SourceTitle "CBM 018 Extra"]
[Source "ChessBase"]
[SourceDate "1990.11.01"]
[SourceVersion "1"]
[SourceVersionDate "1990.11.01"]
[SourceQuality "1"]

1. e4 c5 2. Nf3 d6 3. c3 Nf6 4. Be2 Nbd7 5. Qc2 Qc7 6. 0-0 g6 7. a4 Bg7 8. Na3 0-0 9. d3 b6 10. h3 Bb7 11. Bf4 e5 12. Bh2 a6 13. Rfe1 Nh5 14. Bf1 h6 15. Rad1 d5 16. Nb1 Rae8 17. Nbd2 Qd8 18. Qb3 Qa8 19. d4 cxd4 20. cxd4 exd4 21. Bd6 dxe4 22. Bxf8 Nxf8 23. Nh2 Nd7 24. Nc4 Re6 25. Qb4 Bd5 26. Rc1 Qb8 27. Na3 e3 28. fxe3 Qg3 29. Qd2 dxe3 30. Qe2 Be5 31. Ng4 Nf4 32. Qxe3 Nxh3+ 33. Kh1 Nf2+ 34. Qxf2 Qxg4 35. Be2 Qh3+ 36. Kg1 Qh2+ 37. Kf1 Bg3 38. Qg1 Qh4 39. Red1 Rf6+ 40. Bf3 Bxf3 41. gxf3 Rxf3+ 42. Ke2 Qe4+ 0-1

[Event "Lloyds Bank op 14th"]
[Site "London"]
[Date "1990.??.??"]
[Round "?"]
[White "Sturua, Zurab"]
[Black "Hassabis, Demis"]
[Result "1/2-1/2"]
[WhiteElo "2470"]
[BlackElo "2300"]
[PlyCount "62"]
[EventDate "1990.08.??"]
[EventType "swiss"]
[EventRounds "10"]
[EventCountry "ENG"]
[SourceTitle "EXT 1997"]
[Source "ChessBase"]
[SourceDate "1996.11.15"]
[SourceVersion "1"]
[SourceVersionDate "1996.11.15"]
[SourceQuality "1"]

1. g3 e5 2. Bg2 d5 3. d3 Nf6 4. Nf3 Nc6 5. 0-0 Be7 6. c3 0-0 7. Qc2 h6 8. e4 dxe4 9. dxe4 Be6 10. Nh4 Bc5 11. b4 Bb6 12. a4 a6 13. Ba3 Re8 14. Nd2 Qc8 15. Rae1 Rd8 16. Re2 Qd7 17. Rfe1 Qd3 18. Qb2 Ng4 19. Nhf3 Qd7 20. h3 Nxf2 21. Rxf2 Bxf2+ 22. Kxf2 Bxh3 23. Nf1 Bxg2 24. Kxg2 b5 25. Qb3 Qd3 26. Bc1 bxa4 27. Qxa4 Qxc3 28. Bd2 Qc4 29. Kf2 Rd6 30. Qa1 Rf6 31. Qc3 Qb5 1/2-1/2

[Event "BCF-ch 77th"]
[Site "Eastbourne"]
[Date "1990.??.??"]
[Round "?"]
[White "Willmoth, Robert"]
[Black "Hassabis, Demis"]
[Result "0-1"]
[WhiteElo "2205"]
[BlackElo "2300"]
[PlyCount "74"]
[EventDate "1990.07.??"]
[EventType "swiss"]
[EventRounds "11"]
[EventCountry "ENG"]
[SourceTitle "EXT 2000"]
[Source "ChessBase"]
[SourceDate "1999.11.16"]
[SourceVersion "1"]
[SourceVersionDate "1999.11.16"]
[SourceQuality "1"]

1. b3 e5 2. Bb2 Nc6 3. g3 d6 4. e4 g6 5. Bg2 Bg7 6. Ne2 Nge7 7. 0-0 0-0 8. d4 exd4 9. Nxd4 Ne5 10. Qc1 c6 11. Nd2 d5 12. exd5 Nxd5 13. N2f3 Nxf3+ 14. Nxf3 Nc3 15. Kh1 Bf5 16. Re1 Re8 17. a3 Qb6 18. Ne5 Bxe5 19. Rxe5 Rxe5 20. Bxc3 Re6 21. Kg1 Qc5 22. Qd2 Rae8 23. b4 Qd6 24. Qh6 Qf8 25. Qd2 Qd6 26. Qh6 Qf8 27. Qd2 Rd8 28. Qf4 f6 29. Rc1 Qd6 30. Qc4 b5 31. Qb3 Kg7 32. h3 Be4 33. Re1 Bd5 34. Rxe6 Qxe6 35. Qb2 Bxg2 36. Kxg2 Qe4+ 37. Kh2 Qf3 0-1

[Event "Edinburgh op"]
[Site "Edinburgh"]
[Date "1988.??.??"]
[Round "1"]
[White "Hassabis, Demis"]
[Black "Ballon, Guenther Jan"]
[Result "0-1"]
[WhiteElo "2200"]
[BlackElo "2325"]
[PlyCount "70"]
[EventDate "1988.??.??"]
[EventType "swiss"]
[EventRounds "9"]
[EventCountry "SCO"]
[SourceTitle "TD"]
[Source "ChessBase"]
[SourceDate "1994.03.01"]
[SourceVersion "1"]
[SourceVersionDate "1994.03.01"]
[SourceQuality "1"]

1. e4 c5 2. Nf3 Nc6 3. d3 d6 4. g3 g6 5. Bg2 Bg7 6. 0-0 e6 7. Re1 Nge7 8. c3 0-0 9. Nbd2 Rb8 10. Nf1 b5 11. Be3 b4 12. Qd2 Bd7 13. Bh6 bxc3 14. bxc3 Qa5 15. Bxg7 Kxg7 16. h4 h5 17. Ne3 e5 18. Nc4 Qc7 19. Qe3 f6 20. Rec1 Na5 21. Nfd2 Nxc4 22. Nxc4 Be6 23. Nd2 Rb2 24. c4 Qa5 25. Nb3 Qa3 26. Qe1 Nc6 27. Qd1 a5 28. Rcb1 Rxb1 29. Qxb1 Rb8 30. Qc1 Qxc1+ 31. Nxc1 Rb2 32. Kf1 Nd4 33. Nb3 Nc2 34. Rd1 a4 35. Na5 a3 0-1